Michaels by Picture - Statistics

General Stats
  • This quiz has been taken 52 times
  • The average score is 15 of 28
Answer Stats
Picture Answer % Correct
Michael Jackson
95%
Michael Jordan
93%
Mike Tyson
89%
Michael J. Fox
80%
Michael Phelps
80%
Michael Myers
75%
Michael Caine
73%
Michael Douglas
73%
Michael Keaton
73%
Mike Myers
73%
Mike Pence
68%
Michael B. Jordan
66%
Michael Schumacher
66%
Saint Michael
64%
Michael Cera
61%
Michael Bolton
55%
Michael Buble
50%
Michael Strahan
36%
Mike Wazowski
36%
Michael Johnson
34%
Mike Trout
34%
Michael Bloomberg
32%
Michael Vick
30%
Michael Gambon
27%
Michael C. Hall
18%
Mike Johnson
18%
Michael Bay
16%
Michael Crichton
9%
No matching quizzes found
Score Distribution
Percent of People with Each Score
Percentile by Number Answered
Your Score History
You have not taken this quiz